LEADER 01595nam 2200529 a 450 001 9910456848103321 005 20200520144314.0 010 $a981-4312-33-9 035 $a(CKB)2550000000010604 035 $a(CtWfDGI)bkb00034403 035 $a(SSID)ssj0000428348 035 $a(PQKBManifestationID)12174754 035 $a(PQKBTitleCode)TC0000428348 035 $a(PQKBWorkID)10414517 035 $a(PQKB)11557263 035 $a(MiAaPQ)EBC3017151 035 $a(PPN)170265005 035 $a(Au-PeEL)EBL3017151 035 $a(CaPaEBR)ebr10424313 035 $a(OCoLC)611130372 035 $a(EXLCZ)992550000000010604 100 $a20101202d2009 uy 0 101 0 $aeng 135 $aurzn|||||| 181 $ctxt 182 $cc 183 $acr 200 14$aThe social entrepreneur revolution$b[electronic resource] $edoing good by making money, making money by doing good /$fMartin Clark 210 $aLondon $cMarshall Cavendish$d2009 215 $aix, 192 p. $cill 300 $aTitle from title screen. 311 $a1-905736-42-8 320 $aIncludes bibliographical references. 606 $aSocial entrepreneurship 606 $aSocial responsibility of business 608 $aElectronic books. 615 0$aSocial entrepreneurship. 615 0$aSocial responsibility of business. 676 $a361.0068/4 700 $aClark$b Martin$0260661 801 0$bMiAaPQ 801 1$bMiAaPQ 801 2$bMiAaPQ 906 $aBOOK 912 $a9910456848103321 996 $aThe social entrepreneur revolution$92068994 997 $aUNINA LEADER 01904nam 2200385 a 450 001 9910789034003321 005 20240105115534.0 010 $a9781438449623 (electronic book) 035 $a(EXLCZ)993710000000086792 100 $a20140211d20142014 ky 0 101 0 $aeng 181 $ctxt$2rdacontent. 182 $cc$2rdamedia. 183 $acr$2rdacarrier. 200 10$aBeyond explicit $epornography and the displacement of sex /$fHelen Hester 210 1$aAlbany, New York :$cSUNY Press,$d2014. 210 4$dİ2014 215 $a1 online resource (vii, 234 pages.) 311 1 $a1-4384-4961-5 320 $aIncludes bibliographical references and index. 327 $aIntroduction: critical voices in porn studies -- Feminism, pornography, transgression -- The sex wars : transgressive politics and the politics of transgression -- Rethinking transgression -- Sex and disgust in popular culture -- Intensity and prurience : pornography after sex -- "Not all of it will get your dick hard" : pornography and displacement -- Prurience and postmodernism -- Violence, sympathy, titillation : the body in a state of intensity -- Pornography and the real -- Pornography and the appetite for authenticity -- Autobiography and/as the real -- Sex, trauma, and the authenticity effect -- Conclusion: pornographication and the explosion of the pornographic. 330 $aDevelops a novel characterization of the pornographic as a cultural concept.--$cProvided by publisher. 606 $aPornography 606 $aPornography in popular culture 606 $aSex in popular culture 606 $aSex 615 0$aPornography. 615 0$aPornography in popular culture. 615 0$aSex in popular culture. 615 0$aSex. 700 $aHester$b Helen$f1983-$01528132 906 $aBOOK 912 $a9910789034003321 996 $aBeyond explicit$93771544 997 $aUNINA